Diseño de un circuito para el ahorro de energía eléctrica en un sistema de calentamiento de agua
Saved in:
| Main Author: | |
|---|---|
| Format: | Book |
| Published: |
[San José, Costa Rica]
2009
|
| Subjects: | |
| Tags: |
Add Tag
No Tags, Be the first to tag this record!
|
MARC
| LEADER | 00000nam a2200000Ia 4500 | ||
|---|---|---|---|
| 003 | 001461 | ||
| 005 | 20221231144045.0 | ||
| 008 | 140114s2009 cr a 000 ||s d | ||
| 040 | |c cru CEDI | ||
| 090 | |a TFG 5980 | ||
| 100 | |a Ruiz Campos, David |9 2538 | ||
| 245 | |a Diseño de un circuito para el ahorro de energía eléctrica en un sistema de calentamiento de agua | ||
| 260 | |c 2009 |b [San José, Costa Rica] | ||
| 300 | |a xi, 89 hojas; ilustraciones | ||
| 500 | |a Proyecto de graduación (bachillerato en ingeniería eléctrica)--Universidad de Costa Rica. Facultad de Ingeniería. Escuela de Ingeniería Eléctrica | ||
| 650 | |x CONSUMO DE ENERGIA |x CALENTADORES DE AGUA ELECTRICOS |x SUMINISTRO DE AGUA CALIENTE |9 3536 | ||
| 942 | |c TFG | ||
| 999 | |c 16248 |d 16248 | ||
